[Event "Dallas UT Fall op"]
[Site "Dallas"]
[Date "2016.11.23"]
[Round "9"]
[White "Kambrath, Yannick"]
[Black "Ynojosa Aponte, Felix Jose"]
[Result "0-1"]
[WhiteElo "2362"]
[BlackElo "2418"]
[Annotator "Ynojosa,F/Macieja,B"]
[PlyCount "114"]
[EventDate "2016.11.18"]
[EventType "swiss"]
[EventRounds "9"]
[EventCountry "USA"]
[SourceTitle "CBM 176"]
[Source "ChessBase"]
[SourceDate "2017.01.17"]
[SourceVersion "1"]
[SourceVersionDate "2017.01.17"]
[SourceQuality "1"]

1. c4 Nf6 2. Nf3 e6 3. d4 d5 4. e3 c6 5. Bd3 dxc4 6. Bxc4 b5 7. Bd3 Nbd7 8. O-O
Bb7 9. e4 Be7 10. Bg5 h6 {I was expecting Bh4, with the plan of e5, to trade
my dark-squared bishop and to take control over the d6-square (and to try to
get there with his knight).} 11. Bd2 b4 $5 {Not allowing the white knight to
be developed on c3 or a3. The d2-square is currently occupied by another piece.
} 12. a3 a5 13. axb4 axb4 14. Rxa8 Qxa8 15. Qe2 c5 {I need to play ...c5, so I
can control the a8-h1 diagonal.} (15... O-O $4 16. e5 Nd5 17. Qe4 $18 {That
was the main idea behind provoking ...h6.}) 16. d5 $6 ({A more solid
possibility was} 16. Re1 O-O 17. e5 Bxf3 18. gxf3 Nd5 19. Qe4 f5 20. exf6 Rxf6
$15) 16... exd5 17. exd5 Nxd5 18. Ne5 $2 ({The white knight had another task
to accomplish:} 18. Nh4 $1) 18... N7f6 $2 ({A stronger response was} 18... Nxe5
19. Qxe5 O-O 20. Qe4 f5 21. Qe6+ Kh8 $17 {If White tried to win back the pawn
with} 22. Bxf5 $4 {then} Bc8 {would be decisive.}) 19. Bb5+ Kf8 20. f4 $2 {
Unnecessary. White closes in his own bishop.} (20. Re1 {was more natural, even
possibly followed by Bc1!?-Nd2.}) 20... g6 $6 (20... Qa2 $1 {was very strong,
attacking the b2-pawn. Neither Bc1 nor Be1 would be possible due to ...Qxb1.})
21. Bc4 (21. Be1 $1 {deserved serious consideration. It could be followed by
Bh4 or Nd2.}) 21... Bd6 {White doesn't have sufficient compensation. Black
wants to hide the king on g7, and then play ...Re8.} 22. Re1 (22. Bc1 $5 {
followed by Nd2.}) 22... Kg7 (22... Qc8 $5 {was more technical, taking the
e6-square under control.}) 23. Nxf7 $1 Re8 (23... Kxf7 $2 24. Qe6+ Kg7 25. Qxd6
Qf8 $11) 24. Ne5 {White has won the pawn back, however I wasn't afraid of that,
as I had prepared...} Nd7 25. Bb5 (25. Qf2 $1 {was clearly the strongest
response.} Bxe5 ({If} 25... Nxe5 26. fxe5 Rxe5 27. Rxe5 Bxe5 {then} 28. Bxd5 (
28. Qxc5 $4 Qa1 $19) 28... Bd4 29. Be3 Bxe3 30. Qxe3 Bxd5 31. Qxc5 {and White
has chances to defend.}) 26. fxe5 Rxe5 27. Rxe5 Nxe5 28. Bxd5 (28. Qxc5 $2 Nxc4
29. Qxc4 Qa7+ 30. Kh1 Qf2 $19) 28... Bxd5 29. Qxc5 Qa2 $1 30. Qe7+ Nf7 31. Qe1
$1 Kh7 $1 (31... Qxb2 $2 32. Nc3 $1) 32. Bxb4 Qxb2 33. Bd2 Qb6+ (33... Qb7 {
is also possible}) 34. Be3 Qb7 $17) 25... Bxe5 26. fxe5 Rxe5 27. Qf2 Rxe1+ 28.
Bxe1 Bc6 29. Bd3 {It looks like White may have chances to obtain counterplay.
Only one move (Nd2) is missing.} Qe8 $1 $17 {There is no good defence against .
..Nf4, unless the bishop comes back to d2 ... and blocks the knight again!} 30.
Nd2 Nf4 31. Be4 {An interesting try. Anyway, other moves were not better.} (31.
Bf1 g5 $17) (31. Qxf4 Qxe1+ 32. Bf1 $17) 31... Bxe4 32. Qxf4 Bxg2 {It looks
like White has lost another pawn, but after...} 33. Bf2 {...there is no
defence against Bxc5!} Bd5 (33... Bc6 {was probably more precise, so the
bishop would not be hanging.} 34. Bxc5 Nxc5 (34... Qe2 35. Bf2) 35. Qd4+ Kg8
36. Qxc5 Qe1+ 37. Nf1 Qe4 38. Kf2 $17) 34. Qd6 (34. Bxc5 $5 {was a better
decision.} Qe1+ 35. Nf1 Nxc5 36. Qd4+ Kf7 37. Qxd5+ Ne6 $17) 34... Qe6 35. Qxe6
Bxe6 36. Ne4 c4 37. Be1 $2 {An obvious mistake.} ({I was expecting} 37. Nc5 Nf8
$1 $17) 37... c3 $1 {Creating a passed pawn.} 38. bxc3 b3 {Sufficient, but} (
38... Bf5 {, followed by b3, was even more precise.}) 39. c4 Bxc4 40. Bc3+ Kh7
41. Kf2 ({Black easily wins after} 41. Nf6+ Nxf6 42. Bxf6 g5 $19) (41. h4 Bd5
$19) 41... g5 $19 42. Ke3 Kg6 43. Bd4 Be6 44. Ng3 h5 45. Kd2 h4 46. Ne2 Kf5 47.
Ke3 Ne5 48. h3 b2 49. Nc3 (49. Bxb2 Nc4+ $19) 49... Nc4+ 50. Kd3 Na3 51. Bc5
b1=Q+ 52. Nxb1 Nxb1 53. Kc2 {White wins the piece back, but loses on the
kingside.} Kf4 54. Bd6+ Kf3 55. Be7 Bxh3 56. Bxg5 Bf5+ 57. Kd1 h3 0-1